Estructuras agrarias y políticas de reforma /
Uloženo v:
| Hlavní autor: | |
|---|---|
| Médium: | Text |
| Témata: | |
| Tagy: |
Přidat tag
Žádné tagy, Buďte první, kdo vytvoří štítek k tomuto záznamu!
|
MARC
| LEADER | 00000 a a2200000 04500 | ||
|---|---|---|---|
| 001 | 45201 | ||
| 003 | |||
| 040 | |||
| 090 | |a REV0754 (8) 1985 | ||
| 100 | |a Sumpsi, José María | ||
| 245 | |a Estructuras agrarias y políticas de reforma / |c José María Sumpsi | ||
| 650 | |a REFORMA AGRARIA | ||
| 650 | |a Macrothesauro de la OCDE | ||
| 650 | |a ESTRUCTURA AGRARIA | ||
| 650 | |a Macrothesauro de la OCDE | ||
| 650 | |a MANO DE OBRA | ||
| 650 | |a Macrothesauro de la OCDE | ||
| 650 | |a INVERSIONES EXTRANJERAS | ||
| 650 | |a Macrothesauro de la OCDE | ||
| 650 | |a INVERSIONES AGRICOLAS | ||
| 650 | |a Macrothesauro de la OCDE | ||
| 773 | |g número8 ( , 1985), 239-261 | ||
| 999 | |c 38777 |d 38777 | ||
